| 000 | 00749nam a2200301Ia 4500 | ||
|---|---|---|---|
| 008 | 210210b1998 xxu||||| |||| 00| 0 eng d | ||
| 020 | _a9781855732926 | ||
| 041 | _aeng | ||
| 082 | _a664.7525 MANB | ||
| 100 | _aMANLEY (Duncan) | ||
| 245 |
_aBiscuit, cookie and cracker manufacturing manuals: manual 1 ingredients _bTypes handling uses |
||
| 260 |
_aEngland _bWoodhead Publishing Ltd. _c1998 |
||
| 300 | _aviii,82 | ||
| 650 | _auses | ||
| 650 | _aTypes | ||
| 650 | _amanufacturing | ||
| 650 | _amanuals: | ||
| 650 | _amanual | ||
| 650 | _aingredients | ||
| 650 | _ahandling | ||
| 650 | _acracker | ||
| 650 | _acookie | ||
| 650 | _aBiscuit, | ||
| 650 | _aand | ||
| 650 | _a1 | ||
| 690 | _aFood Technology | ||
| 906 | _a070638 | ||
| 999 |
_c120079 _d120079 |
||